Business analysis & valuation : (Record no. 3439)

000 -LEADER
fixed length control field 01278cam a22003494a 4500
001 - CONTROL NUMBER
control field 13146488
003 - CONTROL NUMBER IDENTIFIER
control field OSt
005 - DATE AND TIME OF LATEST TRANSACTION
control field 20161006170213.0
008 - FIXED-LENGTH DATA ELEMENTS--GENERAL INFORMATION
fixed length control field 030403s2004 ohua b 001 0 eng
010 ## - LIBRARY OF CONGRESS CONTROL NUMBER
LC control number 2003105035
020 ## - INTERNATIONAL STANDARD BOOK NUMBER
International Standard Book Number 0324118945 (Package)
035 ## - SYSTEM CONTROL NUMBER
System control number (DLC) 2003105035
040 ## - CATALOGING SOURCE
Original cataloging agency DLC
Transcribing agency DLC
Modifying agency DLC
042 ## - AUTHENTICATION CODE
Authentication code pcc
050 00 - LIBRARY OF CONGRESS CALL NUMBER
Classification number HF5681.P3 2004
082 00 - DEWEY DECIMAL CLASSIFICATION NUMBER
Classification number 658.15
Edition number 22
100 1# - MAIN ENTRY--PERSONAL NAME
Personal name Palepu, Krishna G.,
Dates associated with a name 1954-
245 10 - TITLE STATEMENT
Title Business analysis & valuation :
Remainder of title using financial statements : text & cases /
Statement of responsibility, etc Krishna G. Palepu, Paul M. Healy, Victor L. Bernard.
246 3# - VARYING FORM OF TITLE
Title proper/short title Business analysis and valuation
250 ## - EDITION STATEMENT
Edition statement 3rd ed.
260 ## - PUBLICATION, DISTRIBUTION, ETC. (IMPRINT)
Place of publication, distribution, etc Mason, Ohio :
Name of publisher, distributor, etc Thomson/South-Western,
Date of publication, distribution, etc c2004.
300 ## - PHYSICAL DESCRIPTION
Extent 1 v. (various pagings) :
Other physical details ill. ;
Dimensions 27 cm. +
Accompanying material 1 CD-ROM (4 3/4 in.)
504 ## - BIBLIOGRAPHY, ETC. NOTE
Bibliography, etc Includes bibliographical references and index.
650 #0 - SUBJECT ADDED ENTRY--TOPICAL TERM
Topical term or geographic name as entry element Business enterprises
General subdivision Valuation.
650 #0 - SUBJECT ADDED ENTRY--TOPICAL TERM
Topical term or geographic name as entry element Financial statements.
650 #0 - SUBJECT ADDED ENTRY--TOPICAL TERM
Topical term or geographic name as entry element Business enterprises
General subdivision Valuation
Form subdivision Case studies.
700 1# - ADDED ENTRY--PERSONAL NAME
Personal name Healy, Paul M.
700 1# - ADDED ENTRY--PERSONAL NAME
Personal name Bernard, Victor L.
Fuller form of name (Victor Lewis),
Dates associated with a name 1952-
906 ## - LOCAL DATA ELEMENT F, LDF (RLIN)
a 7
b cbc
c orignew
d 3
e epcn
f 20
g y-gencatlg
942 ## - ADDED ENTRY ELEMENTS (KOHA)
Source of classification or shelving scheme
Koha item type Book
Holdings
Withdrawn status Lost status Source of classification or shelving scheme Damaged status Not for loan Home library Current library Shelving location Date acquired Total Checkouts Full call number Barcode Date last seen Copy number Price effective from Koha item type
          Riara University Library Riara University Library General stack 06/10/2016   HF5681.P3 2004 8583/16 06/10/2016 C.1 06/10/2016 Book

Riara University Library,
P.O. Box 49940-00100,
Nairobi, Kenya.